The life and times of Karam Chand Thapar (Record no. 92780)

MARC details
000 -LEADER
fixed length control field 00479nam a2200181Ia 4500
008 - FIXED-LENGTH DATA ELEMENTS--GENERAL INFORMATION
fixed length control field 230125s9999 xx 000 0 und d
020 ## - INTERNATIONAL STANDARD BOOK NUMBER
International Standard Book Number 81-900914-0-10
041 ## - LANGUAGE CODE
Language code of text/sound track or separate title eng
082 ## - DEWEY DECIMAL CLASSIFICATION NUMBER
Classification number 920.71
Item number DAS
100 ## - MAIN ENTRY--PERSONAL NAME
Personal name Dasgupta A
245 ## - TITLE STATEMENT
Title The life and times of Karam Chand Thapar
260 ## - PUBLICATION, DISTRIBUTION, ETC. (IMPRINT)
Date of publication, distribution, etc. 1998
Name of publisher, distributor, etc. Archive Pub
Place of publication, distribution, etc. Mumbai
300 ## - PHYSICAL DESCRIPTION
Extent 203p
500 ## - GENERAL NOTE
Keywords Literature;Biography;Biography(men)
650 ## - SUBJECT ADDED ENTRY--TOPICAL TERM
Topical term or geographic name as entry element Biography(men)
9 (RLIN) 115035
700 ## - ADDED ENTRY--PERSONAL NAME
Personal name Dasgupta A
Holdings
Withdrawn status Lost status Damaged status Not for loan Home library Current library Date acquired Vendor Full call number Barcode Date last seen Bill Date Koha item type Original Barcode
        Smt. Hiraben Nanavati Institute of Management & Research for Women Smt. Hiraben Nanavati Institute of Management & Research for Women 16/12/1999 Satya Gilani 920.71 DAS DB0208 HIMR-DB-208 25/01/2023 30/09/1999 Donated Book DB0208